书目信息 |
| 题名: |
解析不等式的若干问题
|
|
| 作者: | 胡克 著 | |
| 分册: | ||
| 出版信息: | 武汉 武汉大学出版社 2003 |
|
| 页数: | 149页 | |
| 开本: | 21cm | |
| 丛书名: | ||
| 单 册: | ||
| 中图分类: | O178 | |
| 科图分类: | ||
| 主题词: | 不等式--研究 , 不等式 | |
| 电子资源: | ||
| ISBN: | 7-307-03960-5 | |
| 000 | 00613nam0 2200229 45 | |
| 001 | 020000005188 | |
| 005 | 20050919110256.64 | |
| 010 | @a7-307-03960-5@dCNY8.00 | |
| 100 | @a20031225d2003 ekmy0chiy0120 ea | |
| 101 | 0 | @achi |
| 102 | @aCN@b420000 | |
| 105 | @ay az 000yy | |
| 200 | 1 | @a解析不等式的若干问题@9jie xi bu deng shi de ruo gan wen ti@f胡克著@Fhu ke zhu |
| 210 | @a武汉@c武汉大学出版社@d2003 | |
| 215 | @a149页@d21cm | |
| 320 | @a有书目 | |
| 606 | 0 | @a不等式@x研究 |
| 606 | 0 | @a不等式 |
| 690 | @aO178@v4 | |
| 701 | 0 | @a胡克@Ahu ke@4著 |
| 801 | 0 | @aCN@bTSSF@c20050919 |
| 905 | @a10447@dO178@e47 | |
| 解析不等式的若干问题/胡克著.-武汉:武汉大学出版社,2003 |
| 149页;21cm |
| ISBN 7-307-03960-5:CNY8.00 |
| ● |
| 相关链接 |
|
|
|
|
正题名:解析不等式的若干问题
索取号:O178/47
 
预约/预借
| 序号 | 登录号 | 条形码 | 馆藏地/架位号 | 状态 | 备注 |
| 1 | 0361733 | 3617330 | 第二样本阅览室/ [索取号:O178/47] | 在馆 | |
| 2 | 0361734 | 3617349 | 第三借阅区/ [索取号:O178/47] | 在馆 | |
| 3 | 0361735 | 3617358 | 第三借阅区/ [索取号:O178/47] | 在馆 | |
| 4 | 0361736 | 3617367 | 第三借阅区/ [索取号:O178/47] | 在馆 | |
| 5 | 0361737 | 3617376 | 第三借阅区/ [索取号:O178/47] | 在馆 |